| 000 | 00601nam a22001933a 4500 | ||
|---|---|---|---|
| 005 | 20250228063800.0 | ||
| 008 | 010517s1996 ag r 000 0 spa d | ||
| 020 | _a9507013458 | ||
| 035 | _aUPN01000106315 | ||
| 049 | _aCG | ||
| 050 | 4 |
_aLB1732 _bD4.7 |
|
| 100 | 1 |
_aDevalle de Rendo, Alicia, _d1942-2006 _931125 |
|
| 245 | 1 | 3 |
_aLa residencia de docentes : _buna alternativa de profesionalización : Proyecto D.A.R. / _cAlicia Devalle de Rendo. |
| 260 |
_aBuenos Aires : _bAique, _c[1996]. |
||
| 300 | _a248 p. | ||
| 440 | 0 | _aGestión | |
| 650 | 2 |
_aEnseñanza como profesión _95829 |
|
| 905 | _aLibro | ||
| 999 |
_c80228 _d80228 |
||